| 000 | 01254nam0a22003011 4500 | ||
|---|---|---|---|
| 001 | rc\4469439 | ||
| 005 | 20130416164744.6 | ||
| 021 |
_aRU _b[59-56823] |
||
| 035 | _a(NLR Aleph) 008595542 | ||
| 090 |
_a8670862 _c8670862 |
||
| 100 | _a20130416d1959 |||y0rusy50 ca | ||
| 101 | 0 | _arus | |
| 102 | _aRU | ||
| 105 | _aa b ||||| | ||
| 200 | 1 |
_aВысоковольтное выпрямительное устройство для электроокраски типа В-140-5-2 _e[Изготовитель: моск. завод "Мосрентген" _eКаталог |
|
| 210 |
_aМосква _cБ. и. _d1959] |
||
| 215 |
_a12 с. _cил. _d29 |
||
| 225 | 1 |
_a[Главниипроект при Госплане СССР]. ЦБТИ НИИ электропромышленности _v2530 |
|
| 300 | _aВ вып. дан. сост.: Баран Е.С. | ||
| 606 |
_aКраскораспылители электрические _xДетали _jКаталоги _2psbo |
||
| 606 |
_aВыпрямители высоковольтные _jКаталоги _2psbo |
||
| 702 | 1 |
_aБаран _bЕ. С. _4220 |
|
| 801 | 0 |
_aRU _bNLR _gpsbo |
|
| 801 | 1 |
_aRU _bELAR _2rusmarc |
|
| 852 |
_aNLR _jПт 20/1-2530 |
||
| 852 |
_aNLR _jЗф 7/12915 |
||
| 942 | _cBOOK | ||
| 980 | _aNB | ||